| 000 | 02439naa a2200361Ia 4500 | ||
|---|---|---|---|
| 003 | OSt | ||
| 005 | 20260416101409.0 | ||
| 008 | 260416s2017 xx 000 0 und d | ||
| 040 |
_aFoundation University _bEng _cFoundation University _erda |
||
| 050 |
_aCBA (BsEco-FS) LG 221 D35 B87 _b A5 B87 2016 A73 |
||
| 099 | _a799 | ||
| 100 |
_aAranchado, John Ray _91517 _eauthor. |
||
| 245 | 1 | 0 |
_aEstablishing of Wow Valencia : _bTours and activities agency in Dumaguete City / _cby Shaina Buday, Manelyn Martinez, Alfe Partosa, and [others.] |
| 264 |
_aDumaguete City _bFoundation Uiniversity, _c2016. _42016. |
||
| 300 |
_ax, 125 leaves : _bill. (chiefly color) ; _c28 cm. _3volume _fresource |
||
| 336 |
_2rdacontent _atext _btxt |
||
| 337 |
_2rdamedia _aunmediated _bn |
||
| 338 |
_3rdacarrier _avolume _bnc |
||
| 500 | _aBusiness plan for the establishment of a tours and activities agency in Dumaguete City. | ||
| 502 | _eUndergraduate feasibility (BS in Administration Major Business Economics) - - Foundation University, 2016. | ||
| 520 | _aThis study presents the establishment of “Wow Valencia,” a tours and activities agency based in Dumaguete City. It examines the feasibility of offering curated travel experiences, local tours, and recreational activities for both domestic and international tourists. The study includes market analysis, target customer identification, competitive assessment, and marketing strategies. It also discusses operational, managerial, and financial aspects such as tour planning, partnerships with local stakeholders, pricing, staffing, and projected profitability. The research aims to determine the viability and sustainability of the proposed tourism enterprise and its contribution to the local tourism industry. | ||
| 650 |
_aTourism _x Dumaguete City. _91518 |
||
| 650 |
_aTravel industry _zDumaguete City. _915506 |
||
| 650 |
_aNew business enterprises _z Dumaguete City. _915505 |
||
| 650 |
_a Small business _zDumaguete City. _915504 |
||
| 658 |
_aProject Feasibility Study : _bAdministration Major in Business Economics, Bachelor of Science in ; _cFSB301. |
||
| 700 | 1 |
_aBuday, Shaina, _91520 _eco-author |
|
| 700 | 1 |
_aMartinez, Manelyn _eco-author |
|
| 700 | 1 |
_aPartosa, Alfe _eco-author |
|
| 700 | 1 |
_aPinili, Aaron Paul _eco-author |
|
| 700 | 1 |
_aTeofilo, Renalyn _eco-author |
|
| 942 |
_2lcc _cFS _hLG 221 D35 B87 _iA5 B87 2016 A73 _kCBA (BsEco-FS) |
||
| 999 |
_c5742 _d5742 |
||